Sports Quiz

Random Sports or Olympics Quiz

Olympic Sports (A-Z) Quiz Stats

 Plays Quiz Updated Jul 21, 2016

Score 0/20 Timer 05:00
18 Plays Today
% Correct
Archery
98.8%
Diving
97.2%
Fencing
95.8%
Gymnastics
95.6%
Ice Hockey
94.8%
Curling
94.3%
Marathon
93.7%
Badminton
92.9%
Volleyball
92.2%
Kayak
91.6%
% Correct
Rowing
90.6%
Water Polo
90.4%
Pole Vault
88.5%
Handball
87.8%
Eventing (Equestrian)
87.7%
Judo
86%
Luge
82.4%
Taekwondo
65.8%
Skeleton
60.1%
Nordic Combined
52.7%

You're not logged in!

Compare scores with friends on all Sporcle quizzes.
OR
Log In

Show Comments

Extras

Top Quizzes Today


Score Distribution

Your Account Isn't Verified!

In order to create a playlist on Sporcle, you need to verify the email address you used during registration. Go to your Sporcle Settings to finish the process.

Report this User

Report this user for behavior that violates our Community Guidelines.

Details: